101 animal secrets (Record no. 424716)

MARC details
000 -LEADER
fixed length control field 00248nam a2200097Ia 4500
082 ## - DEWEY DECIMAL CLASSIFICATION NUMBER
Classification number J 590 BERG
008 - FIXED-LENGTH DATA ELEMENTS--GENERAL INFORMATION
fixed length control field 210817s9999 xx 000 0 und d
100 ## - MAIN ENTRY--PERSONAL NAME
Personal name BERGER, Melvin New York, 2009
245 #0 - TITLE STATEMENT
Title 101 animal secrets
942 ## - ADDED ENTRY ELEMENTS
item type Books

No items available.